000 00997nam a2200265 a 4500
001 000009059
005 20240412074209.0
008 090925s1986 dr ac 001 p spa d
040 _aDO-SdBNP
_bspa
_cBNPHU
082 _aRD861.44
_bL925v
100 1 _aLópez Reyes, Oscar
_9750
245 1 0 _aVenas de secretos abiertas /
_cOscar López Reyes ; prólogo Tony Raful.
260 _aSanto Domingo :
_bUniversitaria,
_c1986.
300 _a88 p. :
_bil. ;
_c21 cm.
490 1 _aArte y sociedad ;
_v23
490 1 _aPublicaciones de la Universidad Autónoma de Santo Domingo ;
_v505
500 _aIncluye datos biográficos del autor en la contracubierta.
590 _aInventariado, 2018/LP
650 0 _aPoesía dominicana
_966
650 0 _aLiteratura dominicana.
_967
700 1 2 _aRaful, Tony,
_d1951-
_epról.
_91377
830 0 _aArte y sociedad ;
_n23
_923700
830 0 _aPublicaciones de la Universidad Autónoma de Santo Domingo ;
_n505
_923701
910 _aValidado. Control de calidad MFF
999 _c8823
_d8823